Na ceste do Európskej únie sprievodkyňa nielen pre ženy

Saved in:
Bibliographic Details
Format: Book
Language:Slovak
Published: Bratislava Záujmové združenie žien Aspekt 2002
Subjects:
Tags: Add Tag
No Tags, Be the first to tag this record!

MARC

LEADER 00000nam$a2200000$$$4500
001 0024311
005 20240318115234.2
020 |a 80-85549-39-5 
041 0 |a slo 
044 |a SK 
245 1 0 |a Na ceste do Európskej únie  |b sprievodkyňa nielen pre ženy 
264 1 |a Bratislava  |b Záujmové združenie žien Aspekt  |c 2002 
300 |a 125 s. 
610 2 0 |a rovnoprávnosť 
610 2 0 |a ženy 
610 2 0 |a muži 
610 2 0 |a práva ľudské 
610 2 0 |a deľba práce 
610 2 0 |a rozhodovanie 
610 2 0 |a trh práce 
610 2 0 |a kriminalita 
610 2 0 |a politika medzinárodná 
610 2 0 |a legislatíva 
610 2 0 |a príležitosť pracovná 
610 2 0 |a adresáre 
610 2 0 |a Európska únia 
610 2 0 |a Slovensko